[Event "Split Zupanije-ch"]
[Site "Split"]
[Date "2013.03.16"]
[Round "1"]
[White "Bilobrk, Franjo"]
[Black "Solic, Alen"]
[Result "1-0"]
[WhiteElo "2373"]
[BlackElo "1781"]
[PlyCount "49"]
[EventDate "2013.03.16"]
[EventType "swiss"]
[EventRounds "9"]
[EventCountry "CRO"]
[SourceTitle "CBM 153 Extra"]
[Source "ChessBase"]
[SourceDate "2013.04.22"]
[SourceVersion "1"]
[SourceVersionDate "2013.04.22"]
[SourceQuality "1"]

1. d4 d5 2. c4 e6 3. Nc3 Nf6 4. cxd5 exd5 5. Bg5 Be7 6. e3 Nbd7 7. Bd3 0-0 8. Qc2 h6 9. Bh4 b6 10. Nf3 c5 11. 0-0 Bb7 12. Rad1 Re8 13. Ne5 cxd4 14. exd4 Rc8 15. Bb5 g5 16. Bg3 a6 17. Bxd7 Nxd7 18. Nxf7 Kxf7 19. Qh7+ Kf8 20. Qxh6+ Kf7 21. Qh7+ Kf6 22. f4 Rf8 23. Rde1 Bb4 24. fxg5+ Kxg5 25. Bh4+ 1-0